000 00470nam a2200181Ia 4500
008 240925s9999 xx 000 0 und d
020 _aNA
082 _a621.3811 AGG
100 _aAggarwal, K. K.
245 0 _aControl System Analysis and Design
250 _a1st
260 _aNew Delhi:
_bKhanna Publishers
_c,2014.
300 _axxiv, 918p.
_b0
_fOriginal
500 _aIncludes Index
600 _aElectronic Engineering
650 _aTechnology
942 _cBK
999 _c13380
_d13380